Alfonso Cuarón Movies - Statistiken

Allgemein
  • Dieses Quiz wurde 19 mal gespielt
  • Das Durchschnittsergebnis liegt bei 4 aus 8
Antwortstatistiken
Release Year Antwort % Korrekt
2013 Gravity
82%
2018 Roma
71%
2006 Children of Men
65%
2004 Harry Potter and the Prisoner of Azkaban
47%
2001 Y tu mamá también
47%
1998 Great Expectations
18%
1991 Sólo con tu pareja
18%
1995 A little Princess
12%
Keine übereinstimmenden Quizze gefunden
Verteilung der Resultate
Anzahl Personen mit jedem Resultat
Perzentil nach korrekt beantworteten Fragen
Ihre Resultats-Entwicklung
Sie haben dieses Quiz noch nicht gespielt